000 00338cam a22001097a 4500
008 180718b-- xxu||||| |||| 00| 0 eng d
082 _aI5690028x54 P/A
100 _aIndian Historical Records Commission
245 _aPresidential address by Prof. Sher Singh
260 _a
_bManager of Publications
_c--
500 _aLibrary has sessions 38-39
999 _c491686
_d491686